Copyright in cyberspace : questions and answers for librarians

Αποθηκεύτηκε σε:
Λεπτομέρειες βιβλιογραφικής εγγραφής
Κύριος συγγραφέας: Hoffmann, Gretchen McCord
Μορφή: Βιβλίο
Γλώσσα:English
Δημοσίευση: New York; London : Neal-Schuman Publishers, Inc., c2001
Σειρά:Neal-Schuman netguide series
Θέματα:
Ετικέτες: Προσθήκη ετικέτας
Δεν υπάρχουν, Καταχωρήστε ετικέτα πρώτοι!

MARC

LEADER 00000nam a2200000 i 4500
001 1/50620
008 040310s2001 eng d
020 |a 155570-410-7 
035 |l 10072613 
040 |a GR-MY-UA  |b gre  |e aacr 
041 0 |a eng 
082 0 |a 025.26  |2 (21) 
100 1 |a Hoffmann, Gretchen McCord. 
245 1 0 |a Copyright in cyberspace :  |b questions and answers for librarians /  |c Gretchen McCord Hoffmann 
260 |a New York; London :   |b Neal-Schuman Publishers, Inc.,   |c c2001 
300 |a xvii, 264 σ.;  |c 23 εκ. 
490 1 |a Neal-Schuman netguide series 
504 |a Περιέχει ευρετήριο 
650 0 0 |a Copyright and electronic data processing  |z United States  |x Miscellanea. 
650 0 0 |a Fair use (Copyright)  |z United States  |x Miscellanea. 
650 0 0 |a Cyberspace  |x Miscellanea. 
830 0 |a Neal-Schuman netguide series 
852 |a INST  |b LESVOS  |e 20040310  |h 025.26 HOF  |p 005100030854  |q 005100030854  |t BK  |y 0 
901 |a BIBL1-2004-1 
909 |a Λ  |b 109077 
922 |a 1ΕΛΗ  |b 200402  |c ΤΑΚ/ΚΥΒ  |d LEADER 
950 |a 023-2003-06-30 
970 |a ΤΖΑΦΕΡΗ  |b ΕΥΑΓΓΕΛΙΑ  |z 2004/03/15